[Event "Bogota Kallpa op"]
[Site "Bogota"]
[Date "2025.06.27"]
[Round "2"]
[White "Bustos Acosta, Isauro"]
[Black "Ramirez, Carlos"]
[Result "0-1"]
[WhiteElo "1794"]
[BlackElo "2133"]
[PlyCount "98"]
[EventDate "2025.06.25"]
[EventType "swiss"]
[EventRounds "6"]
[EventCountry "COL"]
[SourceTitle "CB27_2025"]
[SourceDate "2025.07.02"]
[SourceVersion "1"]
[SourceVersionDate "2025.07.02"]
[SourceQuality "1"]

1. e4 e6 2. d4 d5 3. Nd2 c5 4. exd5 Qxd5 5. Ngf3 cxd4 6. Bc4 Qd6 7. 0-0 Nf6 8. Nb3 Nc6 9. Nbxd4 Nxd4 10. Qxd4 Qxd4 11. Nxd4 Bd7 12. Bf4 Rc8 13. Bb3 Bc5 14. Rad1 0-0 15. Rfe1 h6 16. c3 Rfd8 17. Rd2 Kf8 18. h3 Be7 19. Nf3 Bc6 20. Rxd8+ Rxd8 21. Ne5 Bd5 22. c4 Be4 23. f3 Bh7 24. Be3 a6 25. Rd1 Rxd1+ 26. Bxd1 Bd6 27. Ng4 Nxg4 28. hxg4 Bd3 29. b3 Ba3 30. f4 Be4 31. Bf3 Bxf3 32. gxf3 Ke7 33. Bd4 g6 34. Kg2 Bd6 35. Be3 f5 36. Kh3 Kd7 37. Kg2 Kc6 38. Kf1 b5 39. cxb5+ Kxb5 40. Bd2 Kc5 41. Ke2 Kd4 42. a4 Bc7 43. b4 Kc4 44. b5 axb5 45. axb5 Kxb5 46. Kd3 Kc5 47. Be3+ Kd5 48. Bd2 Bd6 49. Be3 Bc5 0-1

[Event "Medellin Sub zt 2.3.2"]
[Site "Medellin"]
[Date "2025.04.14"]
[Round "2"]
[White "Ramirez, Carlos"]
[Black "Garcia Mendez, Engels Vladimir"]
[Result "1/2-1/2"]
[WhiteElo "2117"]
[BlackElo "1945"]
[PlyCount "86"]
[EventDate "2025.04.14"]
[EventType "swiss"]
[EventRounds "9"]
[EventCountry "COL"]
[SourceTitle "CB18_2025"]
[SourceDate "2025.04.30"]
[SourceVersion "1"]
[SourceVersionDate "2025.04.30"]
[SourceQuality "1"]

1. d4 Nc6 2. Nf3 d5 3. Bf4 Bf5 4. a3 e6 5. e3 Nf6 6. c4 Bd6 7. Bg5 h6 8. Bxf6 Qxf6 9. c5 Be7 10. Bb5 0-0 11. Bxc6 bxc6 12. b4 Qg6 13. 0-0 Bh3 14. Ne1 a5 15. Nd2 Rfb8 16. bxa5 Rxa5 17. a4 h5 18. Ndf3 Bf6 19. Kh1 Bg4 20. h3 Bf5 21. Ra3 Rb4 22. Qd2 Raxa4 23. Rxa4 Rxa4 24. Qb2 Be4 25. Qb8+ Kh7 26. Qxc7 Ra1 27. Qxc6 Bd8 28. Rg1 Ba5 29. Ne5 Qf5 30. f3 Rxe1 31. Qb5 f6 32. Qxa5 Rxg1+ 33. Kxg1 fxe5 34. fxe4 Qxe4 35. Qc3 exd4 36. exd4 e5 37. dxe5 d4 38. Qc1 d3 39. c6 Qd4+ 40. Kf1 d2 41. Qc2+ g6 42. Ke2 d1Q+ 43. Qxd1 Qxe5+ 1/2-1/2

[Event "Bogota 1st"]
[Site "Bogota"]
[Date "2025.02.19"]
[Round "5"]
[White "Claverie, Raul Ricardo"]
[Black "Ramirez, Carlos"]
[Result "1-0"]
[WhiteElo "2269"]
[BlackElo "2117"]
[PlyCount "61"]
[EventDate "2025.02.17"]
[EventType "tourn"]
[EventRounds "10"]
[EventCountry "COL"]
[EventCategory "1"]
[SourceTitle "CB09_2025"]
[SourceDate "2025.02.27"]
[SourceVersion "1"]
[SourceVersionDate "2025.02.27"]
[SourceQuality "1"]

1. b3 e5 2. Bb2 Nc6 3. e3 Nf6 4. Bb5 Bd6 5. Na3 0-0 6. Nc4 Re8 7. Nxd6 cxd6 8. Nf3 a6 9. Be2 d5 10. 0-0 d6 11. h3 h6 12. c4 Be6 13. Rc1 Rc8 14. d4 e4 15. Nd2 Ne7 16. cxd5 Nexd5 17. Rxc8 Qxc8 18. Nc4 Rd8 19. Kh2 Nb4 20. a3 Nc6 21. Nb6 Qc7 22. d5 Qxb6 23. Bxf6 gxf6 24. dxe6 Ne5 25. exf7+ Kxf7 26. Qd5+ Kf8 27. Qe6 Kg7 28. Bh5 Rf8 29. Rc1 Nf7 30. Rc8 Ng5 31. Qd7+ 1-0

[Event "Bogota 1st"]
[Site "Bogota"]
[Date "2025.02.18"]
[Round "3"]
[White "Soto, Cristian Camilo"]
[Black "Ramirez, Carlos"]
[Result "1-0"]
[WhiteElo "2093"]
[BlackElo "2117"]
[PlyCount "57"]
[EventDate "2025.02.17"]
[EventType "tourn"]
[EventRounds "10"]
[EventCountry "COL"]
[EventCategory "1"]
[SourceTitle "CB09_2025"]
[SourceDate "2025.02.27"]
[SourceVersion "1"]
[SourceVersionDate "2025.02.27"]
[SourceQuality "1"]

1. c4 c5 2. Nc3 Nf6 3. Nf3 b6 4. e3 Bb7 5. d4 e6 6. d5 b5 7. dxe6 fxe6 8. cxb5 d5 9. Be2 Bd6 10. 0-0 0-0 11. Ng5 Qe7 12. Bg4 Nxg4 13. Qxg4 Rf6 14. f4 Nd7 15. e4 Raf8 16. exd5 exd5 17. Bd2 Nb6 18. Rae1 Qd7 19. Qxd7 Nxd7 20. g3 h6 21. Nf3 a6 22. bxa6 Bxa6 23. Nxd5 R6f7 24. Rf2 Bb7 25. Nc3 g5 26. Re6 gxf4 27. Rxd6 fxg3 28. hxg3 Bxf3 29. Rxf3 1-0

[Event "Santiago de Cali op"]
[Site "Cali"]
[Date "2024.12.30"]
[Round "8"]
[White "Garcia Alarcon, Alvaro"]
[Black "Ramirez, Carlos"]
[Result "1/2-1/2"]
[WhiteElo "2052"]
[BlackElo "2120"]
[PlyCount "22"]
[EventDate "2024.12.26"]
[EventType "swiss"]
[EventRounds "8"]
[EventCountry "COL"]
[SourceTitle "CB01_2025"]
[SourceDate "2025.01.01"]
[SourceVersion "1"]
[SourceVersionDate "2025.01.01"]
[SourceQuality "1"]

1. d4 d5 2. Nf3 Nf6 3. Bf4 e6 4. e3 c5 5. Nbd2 Nc6 6. Bd3 Be7 7. 0-0 0-0 8. Re1 b6 9. c3 Bb7 10. dxc5 bxc5 11. e4 Nh5 1/2-1/2

[Event "Santiago de Cali op"]
[Site "Cali"]
[Date "2024.12.27"]
[Round "3"]
[White "Mora Munoz, Alejandro"]
[Black "Ramirez, Carlos"]
[Result "1-0"]
[WhiteElo "2098"]
[BlackElo "2120"]
[PlyCount "119"]
[EventDate "2024.12.26"]
[EventType "swiss"]
[EventRounds "8"]
[EventCountry "COL"]
[SourceTitle "CB01_2025"]
[SourceDate "2025.01.01"]
[SourceVersion "1"]
[SourceVersionDate "2025.01.01"]
[SourceQuality "1"]

1. e4 e6 2. d4 d5 3. Nd2 c5 4. Ngf3 cxd4 5. exd5 Qxd5 6. Bc4 Qd6 7. 0-0 Nf6 8. Nb3 Nc6 9. Nbxd4 Nxd4 10. Nxd4 a6 11. Bb3 Bd7 12. c3 Qc7 13. Re1 0-0-0 14. Qf3 Bd6 15. h3 Bh2+ 16. Kh1 Be5 17. Qe3 Bd6 18. Nf3 Bc6 19. Qe2 h6 20. Be3 Qa5 21. Nd4 Be4 22. Kg1 Kb8 23. Bc2 Bxc2 24. Qxc2 Rc8 25. Nb3 Qc7 26. Rad1 Rhd8 27. Qe2 Nd5 28. Bc1 Bh2+ 29. Kh1 Bf4 30. Qg4 g5 31. Qh5 Bxc1 32. Nxc1 Nf4 33. Qf3 Rxd1 34. Rxd1 Rd8 35. Nb3 Rxd1+ 36. Qxd1 Qe5 37. Kg1 Kc7 38. Kh1 Qe4 39. f3 Qd3 40. Qg1 b6 41. Qe1 f6 42. Kh2 e5 43. Nd2 Kd7 44. Qf2 Nd5 45. Ne4 Ke6 46. Qxb6+ Nxb6 47. Nc5+ Kd5 48. Nxd3 Na4 49. Nb4+ Kc4 50. b3+ Kxc3 51. Nxa6 Nb6 52. g4 Kd3 53. Kg3 Ke3 54. Nb4 Kd4 55. a4 Kc5 56. Na6+ Kc6 57. Nb4+ Kc5 58. Nd3+ Kd4 59. Nf2 Kc3 60. a5 1-0

[Event "Santiago de Cali op"]
[Site "Cali"]
[Date "2024.12.27"]
[Round "2"]
[White "Ramirez, Carlos"]
[Black "Chosson, Julien"]
[Result "1/2-1/2"]
[WhiteElo "2120"]
[BlackElo "2035"]
[PlyCount "78"]
[EventDate "2024.12.26"]
[EventType "swiss"]
[EventRounds "8"]
[EventCountry "COL"]
[SourceTitle "CB01_2025"]
[SourceDate "2025.01.01"]
[SourceVersion "1"]
[SourceVersionDate "2025.01.01"]
[SourceQuality "1"]

1. d4 Nf6 2. c4 g6 3. Nc3 d5 4. Nf3 Bg7 5. Qb3 dxc4 6. Qxc4 0-0 7. e4 a6 8. e5 b5 9. Qb3 Nfd7 10. Be3 c5 11. e6 c4 12. exf7+ Rxf7 13. Qc2 Nf6 14. Ne5 Rf8 15. Be2 Bf5 16. Qd2 Ne4 17. Nxe4 Bxe4 18. f3 Bd5 19. h4 Nc6 20. Nxc6 Bxc6 21. h5 e5 22. 0-0-0 exd4 23. Bxd4 Qxd4 24. Qxd4 Bxd4 25. Rxd4 Rad8 26. Rxd8 Rxd8 27. hxg6 hxg6 28. Rd1 Rxd1+ 29. Bxd1 Kf7 30. Kd2 Ke6 31. Ke3 g5 32. Kd4 Kd6 33. Bc2 a5 34. Bg6 Bd5 35. a3 b4 36. axb4 axb4 37. Be8 c3 38. bxc3 bxc3 39. Bg6 g4 1/2-1/2

[Event "Bogota Navidad op"]
[Site "Bogota"]
[Date "2024.12.08"]
[Round "8"]
[White "Ramirez, Carlos"]
[Black "Cifuentes Camacho, Miguel Angel"]
[Result "1/2-1/2"]
[WhiteElo "2120"]
[BlackElo "1980"]
[PlyCount "68"]
[EventDate "2024.12.04"]
[EventType "swiss"]
[EventRounds "9"]
[EventCountry "COL"]
[SourceTitle "CB50_2024"]
[SourceDate "2024.11.01"]
[SourceVersion "1"]
[SourceVersionDate "2024.11.01"]
[SourceQuality "2"]

1. d4 Nf6 2. c4 e6 3. Nc3 Bb4 4. Qc2 d5 5. cxd5 exd5 6. Bg5 0-0 7. e3 Be6 8. Bd3 h6 9. Bh4 c5 10. Nge2 Nc6 11. a3 cxd4 12. exd4 Bd6 13. f3 Re8 14. 0-0 Rc8 15. Rad1 Na5 16. Bg3 Nc4 17. Bxc4 Rxc4 18. Qd3 Bf8 19. Rfe1 Qc8 20. Rc1 a6 21. Nf4 Bf5 22. Rxe8 Qxe8 23. Qd2 Qc8 24. Nfe2 b5 25. Be5 Nd7 26. Bg3 Nb6 27. Nd1 Rxc1 28. Nxc1 Nc4 29. Qc3 a5 30. Nd3 Qe8 31. Kf2 Qe6 32. Bf4 g5 33. Bc1 b4 34. axb4 Bxd3 1/2-1/2

[Event "Bogota Navidad op"]
[Site "Bogota"]
[Date "2024.12.07"]
[Round "6"]
[White "Ramirez, Carlos"]
[Black "Tascon Castro, Diego Alejandro"]
[Result "1-0"]
[WhiteElo "2120"]
[BlackElo "1802"]
[PlyCount "53"]
[EventDate "2024.12.04"]
[EventType "swiss"]
[EventRounds "9"]
[EventCountry "COL"]
[SourceTitle "CB50_2024"]
[SourceDate "2024.11.01"]
[SourceVersion "1"]
[SourceVersionDate "2024.11.01"]
[SourceQuality "2"]

1. d4 d5 2. c4 e5 3. dxe5 d4 4. e4 Nc6 5. f4 g5 6. Nf3 g4 7. Nfd2 f6 8. exf6 Qxf6 9. Nb3 Bb4+ 10. Kf2 a5 11. a3 Bd6 12. g3 a4 13. N3d2 Nge7 14. Kg2 Bc5 15. Bd3 h5 16. e5 Qg7 17. Ne4 Ba7 18. Nf6+ Kf7 19. Nd2 Nf5 20. Nde4 Ne3+ 21. Bxe3 dxe3 22. Ng5+ Kf8 23. Be4 Qe7 24. Qd3 Be6 25. Bd5 Rd8 26. Qg6 Nd4 27. Ngh7+ 1-0

[Event "Bucaramanga Santander-ch"]
[Site "Bucaramanga"]
[Date "2024.11.01"]
[Round "6"]
[White "Carrillo Parra, Miguel Alfredo"]
[Black "Ramirez, Carlos"]
[Result "1-0"]
[WhiteElo "2199"]
[BlackElo "2129"]
[PlyCount "123"]
[EventDate "2024.10.29"]
[EventType "swiss"]
[EventRounds "9"]
[EventCountry "COL"]
[SourceTitle "CB45_2024"]
[Source "ChessBase"]
[SourceDate "2024.11.06"]
[SourceVersion "1"]
[SourceVersionDate "2024.11.06"]
[SourceQuality "1"]

1. c4 Nf6 2. d4 g6 3. Nc3 Bg7 4. e4 d6 5. Nge2 0-0 6. Ng3 c5 7. d5 e6 8. Be2 a6 9. a4 exd5 10. cxd5 Re8 11. 0-0 h5 12. Bg5 Qc7 13. Qd2 Nbd7 14. f3 b6 15. Rfc1 Nh7 16. Bh6 Bh8 17. Rab1 Qd8 18. Be3 Ne5 19. b4 h4 20. Nh1 h3 21. g3 a5 22. bxc5 bxc5 23. Nf2 f5 24. Nb5 Nf7 25. Rb3 Nhg5 26. Nxd6 Nxf3+ 27. Bxf3 Nxd6 28. Bxc5 Nxe4 29. Bxe4 fxe4 30. Qh6 Ra6 31. d6 Qf6 32. Rd1 Bg7 33. Qe3 Qe6 34. Rb8 Qd7 35. Qb3+ Kh7 36. Qb5 Rc6 37. Nxh3 Rxc5 38. Qxc5 Qxh3 39. Rc1 Bd7 40. Rxe8 Bxe8 41. Qe3 Qf5 42. Rc7 Qd5 43. Re7 Bc6 44. Qc3 Qd1+ 45. Kf2 e3+ 46. Qxe3 Qxd6 47. Re6 Qd5 48. Ke1 Bxa4 49. Re7 Qh1+ 50. Ke2 Qxh2+ 51. Qf2 Qh5+ 52. Kf1 Bb5+ 53. Kg1 Bc6 54. Qf6 Qh1+ 55. Kf2 Qg2+ 56. Ke3 Qxg3+ 57. Kd2 Qg2+ 58. Kc1 Qg1+ 59. Kd2 Qh2+ 60. Kc1 Qh6+ 61. Kc2 Ba4+ 62. Kd3 1-0

[Event "American Continental Rapid 18th"]
[Site "Medellin"]
[Date "2024.06.01"]
[Round "1"]
[White "Rodriguez, William Nicolas"]
[Black "Ramirez, Carlos"]
[Result "1/2-1/2"]
[WhiteElo "1803"]
[BlackElo "2166"]
[PlyCount "52"]
[EventDate "2024.06.01"]
[EventType "swiss (rapid)"]
[EventRounds "9"]
[EventCountry "COL"]
[SourceTitle "CBM 220 Extra"]
[Source "ChessBase"]
[SourceDate "2024.07.31"]
[SourceVersion "1"]
[SourceVersionDate "2024.07.31"]
[SourceQuality "1"]

1. d4 d5 2. c4 dxc4 3. Nc3 Nf6 4. e3 e6 5. Bxc4 c5 6. Nf3 a6 7. a4 Nc6 8. 0-0 cxd4 9. exd4 Be7 10. Re1 0-0 11. Bf4 Bd7 12. Ne5 Be8 13. d5 exd5 14. Nxd5 Nxd5 15. Qxd5 Bf6 16. Rad1 Qxd5 17. Bxd5 Bxe5 18. Bxe5 Nxe5 19. Rxe5 Bxa4 20. b3 Bc6 21. Bxc6 bxc6 22. Rc5 Rfb8 23. Rxc6 g6 24. Rc3 Rb6 25. g3 Rab8 26. Ra1 Rxb3 1/2-1/2

[Event "American Continental Blitz 18th"]
[Site "Medellin"]
[Date "2024.05.29"]
[Round "4"]
[White "Mogollon Tobar, Nicolle Juliet"]
[Black "Ramirez, Carlos"]
[Result "1-0"]
[WhiteElo "2063"]
[BlackElo "2163"]
[PlyCount "99"]
[EventDate "2024.05.29"]
[EventType "swiss (blitz)"]
[EventRounds "9"]
[EventCountry "COL"]
[SourceTitle "CBM 220 Extra"]
[Source "ChessBase"]
[SourceDate "2024.07.31"]
[SourceVersion "1"]
[SourceVersionDate "2024.07.31"]
[SourceQuality "1"]

1. e4 e6 2. d4 d5 3. e5 c5 4. c3 Nc6 5. Nf3 Bd7 6. Be2 Qc7 7. 0-0 f6 8. exf6 gxf6 9. c4 dxc4 10. dxc5 Bxc5 11. Bxc4 0-0-0 12. Qe2 e5 13. Be3 Bxe3 14. Qxe3 Nge7 15. Nc3 Bg4 16. Rfd1 Kb8 17. Be2 Be6 18. Rac1 Nd5 19. Nxd5 Bxd5 20. b4 Qb6 21. Qxb6 axb6 22. a3 Bxf3 23. Bxf3 Nd4 24. Be4 Ne2+ 25. Kf1 Nxc1 26. Rxc1 Rd4 27. f3 h5 28. Rc2 h4 29. Kf2 Rc8 30. Ra2 b5 31. g3 hxg3+ 32. Kxg3 Rg8+ 33. Kf2 Rg5 34. h4 Rh5 35. Kg3 f5 36. Bb1 Rf4 37. Rh2 Kc7 38. Bd3 Kb6 39. Bc2 Rh8 40. h5 Rg8+ 41. Kf2 e4 42. Bd1 Rd8 43. Ke3 Rxd1 44. Kxf4 Rd7 45. fxe4 fxe4 46. h6 Rh7 47. Kxe4 Kc6 48. Kf5 Kd5 49. Kg6 Rh8 50. h7 1-0

[Event "American Continental Blitz 18th"]
[Site "Medellin"]
[Date "2024.05.29"]
[Round "9"]
[White "Univio Sanchez, German"]
[Black "Ramirez, Carlos"]
[Result "0-1"]
[WhiteElo "2024"]
[BlackElo "2163"]
[PlyCount "92"]
[EventDate "2024.05.29"]
[EventType "swiss (blitz)"]
[EventRounds "9"]
[EventCountry "COL"]
[SourceTitle "CBM 220 Extra"]
[Source "ChessBase"]
[SourceDate "2024.07.31"]
[SourceVersion "1"]
[SourceVersionDate "2024.07.31"]
[SourceQuality "1"]

1. Nf3 d5 2. g3 Nf6 3. Bg2 e6 4. 0-0 Be7 5. d3 c5 6. Nbd2 Nc6 7. Re1 b5 8. e4 a5 9. e5 Nd7 10. Nf1 b4 11. h4 h6 12. Bf4 Nb6 13. N1h2 Ba6 14. Ng4 Rc8 15. Bh3 a4 16. a3 Qc7 17. Nf6+ Kf8 18. Nh5 d4 19. Nd2 Nd5 20. Qg4 g6 21. Ne4 Nxe5 22. Bxe5 Qxe5 23. Nxc5 Qxh5 24. Qxh5 gxh5 25. Nxa6 Rxc2 26. Nxb4 Nxb4 27. axb4 Rxb2 28. Rxa4 Bxb4 29. Re5 Kg7 30. Ra7 Kf6 31. Re4 Rf8 32. Rf4+ Kg6 33. Bg2 Bd2 34. Rxd4 Be1 35. Rf4 f5 36. Ra6 Kf7 37. Rc4 Bxf2+ 38. Kh1 Bxg3 39. Ra7+ Kf6 40. Bf3 Rh2+ 41. Kg1 Rxh4 42. Rc6 Rg8 43. Kf1 Rh2 44. Kg1 Bb8+ 45. Kf1 Bxa7 46. Bd5 Rg1# 0-1

[Event "American Continental 18th"]
[Site "Medellin"]
[Date "2024.05.26"]
[Round "4"]
[White "Ramirez, Carlos"]
[Black "Angulo Pastrana, Oscar"]
[Result "1-0"]
[WhiteElo "2163"]
[BlackElo "1936"]
[PlyCount "119"]
[EventDate "2024.05.24"]
[EventType "swiss"]
[EventRounds "11"]
[EventCountry "COL"]
[SourceTitle "CBM 220 Extra"]
[Source "ChessBase"]
[SourceDate "2024.07.31"]
[SourceVersion "1"]
[SourceVersionDate "2024.07.31"]
[SourceQuality "1"]

1. Nf3 d5 2. d4 Nf6 3. c4 dxc4 4. e3 e6 5. Bxc4 c5 6. 0-0 a6 7. Qe2 Nc6 8. Rd1 Qc7 9. a4 Bd6 10. Nc3 0-0 11. h3 b6 12. dxc5 Bxc5 13. e4 Bb7 14. Bg5 h6 15. Be3 Bxe3 16. Qxe3 Nb4 17. Bb3 Rfd8 18. Rac1 Rxd1+ 19. Bxd1 Qd8 20. Be2 Rc8 21. Rd1 Qc7 22. Qd4 Qc5 23. Ne5 Nc2 24. Qxc5 bxc5 25. Rd6 Nxe4 26. Rb6 Ba8 27. Bxa6 Rd8 28. Bd3 Nxc3 29. bxc3 Ne1 30. Bf1 f6 31. Nc4 Kf7 32. Rb1 Nc2 33. Rc1 Be4 34. a5 Ke7 35. f3 Bg6 36. Kf2 Kd7 37. Rd1+ Kc7 38. Rxd8 Kxd8 39. Nd6 Kc7 40. a6 Kb8 41. Bc4 Na3 42. Bxe6 Ka7 43. Bc8 Bd3 44. Ke3 Bf1 45. g3 Bxa6 46. Bxa6 Kxa6 47. Nf5 Kb5 48. Kd3 Nc4 49. f4 g6 50. Nxh6 Nd6 51. Ng8 c4+ 52. Ke3 Ne8 53. Kd4 Ng7 54. g4 Ne6+ 55. Ke3 f5 56. Ne7 Nc7 57. Kd4 Ne6+ 58. Ke5 fxg4 59. hxg4 Nc5 60. Nxg6 1-0

[Event "San Jose 1000 GM April Gp3"]
[Site "San Jose"]
[Date "2024.04.21"]
[Round "4.3"]
[White "Lu, Yiding"]
[Black "Ramirez, Carlos"]
[Result "0-1"]
[WhiteElo "2136"]
[BlackElo "2156"]
[PlyCount "82"]
[EventDate "2024.04.20"]
[EventType "schev"]
[EventRounds "5"]
[EventCountry "USA"]
[SourceTitle "EXT 2025"]
[Source "ChessBase"]
[SourceDate "2024.10.14"]
[SourceVersion "1"]
[SourceVersionDate "2024.10.14"]
[SourceQuality "1"]

1. e4 e6 2. d4 d5 3. Nc3 Bb4 4. e5 c5 5. dxc5 Qc7 6. Nf3 Nc6 7. Be3 Nge7 8. Bd3 Bd7 9. 0-0 Nxe5 10. Nb5 Nxf3+ 11. Qxf3 Bxb5 12. Bxb5+ Kf8 13. Bg5 Bxc5 14. Rae1 Kg8 15. Bf4 Bd6 16. Bxd6 Qxd6 17. c4 a6 18. Ba4 Rd8 19. cxd5 Nxd5 20. Re4 g6 21. h4 h5 22. Rfe1 Kg7 23. Re5 Nf6 24. g3 Qb6 25. R1e2 Ng4 26. R5e4 Rd4 27. Rxd4 Qxd4 28. Bb3 Rb8 29. Rc2 Ne5 30. Qe2 Rd8 31. Rc7 Rd7 32. Rc1 Nd3 33. Rd1 e5 34. Rd2 Nf4 35. gxf4 Qxd2 36. Qxe5+ Kh7 37. Qe8 Qc1+ 38. Kg2 Qc6+ 39. Kh2 Qc7 40. Qe3 Qd8 41. Qg3 Qf6 0-1

[Event "San Jose 1000 GM April Gp3"]
[Site "San Jose"]
[Date "2024.04.21"]
[Round "5.2"]
[White "Ramirez, Carlos"]
[Black "Zhou, Ruoyu"]
[Result "1/2-1/2"]
[WhiteElo "2156"]
[BlackElo "2149"]
[PlyCount "43"]
[EventDate "2024.04.20"]
[EventType "schev"]
[EventRounds "5"]
[EventCountry "USA"]
[SourceTitle "EXT 2025"]
[Source "ChessBase"]
[SourceDate "2024.10.14"]
[SourceVersion "1"]
[SourceVersionDate "2024.10.14"]
[SourceQuality "1"]

1. d4 d5 2. c4 e6 3. Nc3 Be7 4. cxd5 exd5 5. Bf4 Nf6 6. e3 Bf5 7. h3 c6 8. Bd3 Bxd3 9. Qxd3 Bd6 10. Nge2 Bxf4 11. Nxf4 Nbd7 12. 0-0 0-0 13. b4 a6 14. a4 Qe7 15. Rab1 Nb6 16. Rfe1 Rfe8 17. a5 Nc8 18. Na4 Nd6 19. Nc5 Rab8 20. Qc2 h6 21. Nfd3 Nd7 22. Rbd1 1/2-1/2

[Event "Santa Clara 1000 GM Schev4 03"]
[Site "Santa Clara"]
[Date "2024.03.09"]
[Round "1.2"]
[White "Karthi, Jashith"]
[Black "Ramirez, Carlos"]
[Result "1-0"]
[WhiteElo "2039"]
[BlackElo "2162"]
[PlyCount "73"]
[EventDate "2024.03.06"]
[EventType "schev"]
[EventRounds "5"]
[EventCountry "USA"]
[SourceTitle "CBM 219 Extra"]
[Source "ChessBase"]
[SourceDate "2024.05.31"]
[SourceVersion "1"]
[SourceVersionDate "2024.05.31"]
[SourceQuality "1"]

1. d4 Nf6 2. c4 g6 3. Nc3 Bg7 4. g3 0-0 5. Bg2 d6 6. Nf3 Nc6 7. 0-0 a6 8. Bf4 Nh5 9. Be3 Rb8 10. Rc1 Bd7 11. c5 dxc5 12. d5 Nd4 13. Nxd4 cxd4 14. Bxd4 Nf6 15. e4 c6 16. f4 cxd5 17. e5 Ne8 18. Nxd5 Bc6 19. Ba7 Ra8 20. Bc5 Bxd5 21. Qxd5 Nc7 22. Qxd8 Rfxd8 23. Bb6 Ne6 24. Bxb7 Rab8 25. Bxd8 Rxb7 26. Rc8 Bf8 27. b3 Kg7 28. Rd1 h5 29. Rc6 Ra7 30. Bb6 Ra8 31. Rd7 h4 32. Ra7 Rb8 33. Rxa6 Kh7 34. a4 Ng7 35. a5 h3 36. Ra7 Kh6 37. a6 1-0

[Event "Sunnyvale 1000 IM Winter 01"]
[Site "Sunnyvale"]
[Date "2024.01.05"]
[Round "6"]
[White "Atwell, Rose"]
[Black "Ramirez, Carlos"]
[Result "1-0"]
[WhiteElo "2104"]
[BlackElo "2190"]
[PlyCount "75"]
[EventDate "2024.01.02"]
[EventType "schev"]
[EventRounds "9"]
[EventCountry "USA"]
[SourceTitle "CBM 218 Extra"]
[Source "ChessBase"]
[SourceDate "2024.03.31"]
[SourceVersion "1"]
[SourceVersionDate "2024.03.31"]
[SourceQuality "1"]

1. e4 e6 2. d4 d5 3. exd5 exd5 4. Nf3 Bd6 5. c4 Nf6 6. Nc3 dxc4 7. Bxc4 0-0 8. 0-0 Nc6 9. h3 h6 10. Qc2 Bd7 11. Re1 Qc8 12. Bf1 Bf5 13. Qb3 Nb4 14. Re2 Be6 15. Qd1 Rd8 16. Be3 c6 17. Rc1 Nbd5 18. Qc2 Bf5 19. Qb3 Be6 20. Qc2 Re8 21. Bd2 Nb4 22. Qa4 Rd8 23. Ne5 Bf8 24. Be3 Nfd5 25. a3 Nxc3 26. bxc3 Nd5 27. c4 Nxe3 28. fxe3 f6 29. Ng6 Qd7 30. c5 f5 31. Rf2 Kh7 32. Ne5 Qc7 33. Bc4 Bxc4 34. Qxc4 Rd5 35. Rxf5 Re8 36. Rf7 Qd8 37. Rcf1 Bxc5 38. Qd3+ 1-0

[Event "Sunnyvale 1000 IM Winter 01"]
[Site "Sunnyvale"]
[Date "2024.01.05"]
[Round "7"]
[White "Ramirez, Carlos"]
[Black "Goktepe, Derin"]
[Result "1-0"]
[WhiteElo "2190"]
[BlackElo "2187"]
[PlyCount "75"]
[EventDate "2024.01.02"]
[EventType "schev"]
[EventRounds "9"]
[EventCountry "USA"]
[SourceTitle "CBM 218 Extra"]
[Source "ChessBase"]
[SourceDate "2024.03.31"]
[SourceVersion "1"]
[SourceVersionDate "2024.03.31"]
[SourceQuality "1"]

1. d4 Nf6 2. c4 e6 3. Nf3 d5 4. Nc3 Bb4 5. e3 0-0 6. Bd3 dxc4 7. Bxc4 b6 8. 0-0 Bb7 9. a3 Bxc3 10. bxc3 c5 11. Bb2 cxd4 12. cxd4 Nc6 13. Qe2 Na5 14. Bd3 Qd5 15. Ne1 Qb3 16. f3 Nd5 17. Rf2 Nc3 18. Qd2 Na4 19. Bc1 Nc4 20. Qb4 Na5 21. Bc2 Qc3 22. Rb1 Nc6 23. Qxa4 Qxe1+ 24. Rf1 Qa5 25. Qb3 Qd5 26. Qd3 g6 27. Bb2 Na5 28. e4 Qc4 29. Qd2 Rac8 30. Bd3 Qb3 31. d5 Nc4 32. Bxc4 Qxc4 33. Rbc1 Qa4 34. Bf6 Rxc1 35. Qxc1 e5 36. Qh6 Qd4+ 37. Kh1 Qd3 38. Qg7# 1-0

[Event "Sunnyvale 1000 IM Winter 12"]
[Site "Sunnyvale"]
[Date "2023.12.30"]
[Round "9"]
[White "Ramirez, Carlos"]
[Black "Sivakumar, Shaaketh"]
[Result "0-1"]
[WhiteElo "2189"]
[BlackElo "2364"]
[PlyCount "120"]
[EventDate "2023.12.26"]
[EventType "schev"]
[EventRounds "9"]
[EventCountry "USA"]
[SourceTitle "CBM 217 Extra"]
[Source "ChessBase"]
[SourceDate "2024.01.31"]
[SourceVersion "1"]
[SourceVersionDate "2024.01.31"]
[SourceQuality "1"]

1. d4 Nf6 2. c4 e6 3. Nc3 Bb4 4. Qc2 d5 5. cxd5 exd5 6. Bg5 h6 7. Bh4 c5 8. e3 cxd4 9. exd4 Qe7+ 10. Be2 Nc6 11. Nf3 g5 12. Bg3 g4 13. Ne5 Nxd4 14. Qd3 Qc5 15. 0-0 Bf5 16. Qe3 Bxc3 17. bxc3 Nxe2+ 18. Qxe2 0-0 19. Bh4 Rfe8 20. Bxf6 Qd6 21. Qd1 Qxf6 22. Nxg4 Bxg4 23. Qxg4+ Qg5 24. Qf3 Re4 25. Rad1 Rae8 26. g3 Qe5 27. Rd3 Re6 28. Qd1 Re1 29. Qf3 Qe2 30. Qxe2 R6xe2 31. Rxd5 Rxf1+ 32. Kxf1 Rxa2 33. Rd7 Rb2 34. g4 Kg7 35. Kg2 a5 36. Rd5 b6 37. Rd7 Rb3 38. Rb7 a4 39. Ra7 a3 40. c4 Kf6 41. h4 Ke6 42. h5 Kf6 43. f3 Kg5 44. Kg3 f5 45. Rg7+ Kf6 46. Ra7 Ke5 47. Re7+ Kd6 48. Ra7 fxg4 49. Kxg4 Kc5 50. Ra4 b5 51. cxb5 Kxb5 52. Ra8 Rb4+ 53. Kf5 Ra4 54. Rb8+ Kc4 55. Rb1 a2 56. Ra1 Ra6 57. f4 Kb3 58. Ke4 Kb2 59. Rxa2+ Kxa2 60. f5 Ra4+ 0-1

[Event "Sunnyvale 1000 IM Winter 12"]
[Site "Sunnyvale"]
[Date "2023.12.29"]
[Round "6"]
[White "Ramirez, Carlos"]
[Black "Sun, Kevin"]
[Result "1-0"]
[WhiteElo "2189"]
[BlackElo "1974"]
[PlyCount "99"]
[EventDate "2023.12.26"]
[EventType "schev"]
[EventRounds "9"]
[EventCountry "USA"]
[SourceTitle "CBM 217 Extra"]
[Source "ChessBase"]
[SourceDate "2024.01.31"]
[SourceVersion "1"]
[SourceVersionDate "2024.01.31"]
[SourceQuality "1"]

1. d4 Nf6 2. c4 e6 3. Nf3 d5 4. Nc3 c6 5. e3 Nbd7 6. Qc2 Bd6 7. Be2 dxc4 8. Bxc4 b5 9. Bd3 0-0 10. 0-0 Qc7 11. h3 Bb7 12. Ng5 h6 13. Nge4 Nxe4 14. Nxe4 c5 15. Nxd6 Qxd6 16. Bxb5 cxd4 17. Rd1 Qd5 18. Bf1 e5 19. exd4 exd4 20. Qa4 Ne5 21. Bf4 Rfd8 22. Bxe5 Qxe5 23. Rd2 Rd6 24. Rad1 Rad8 25. Qxa7 Qe4 26. f3 Qe3+ 27. Kh1 Bc6 28. Rd3 Qe5 29. R3d2 Qe3 30. Qc5 Bb7 31. Qb4 Ba6 32. Bxa6 Rxa6 33. Rxd4 Rxd4 34. Qxd4 Qxd4 35. Rxd4 Rxa2 36. Rd2 f5 37. Kg1 Kf7 38. Kf2 f4 39. Ke2 Ke6 40. Kd1 Kf5 41. Kc2 Kg5 42. Kc3 Ra7 43. b4 Rc7+ 44. Kb3 Rb7 45. Kc4 Rc7+ 46. Kb5 Rc8 47. Rb2 Kf5 48. Ka6 Ke6 49. b5 Kd7 50. Rd2+ 1-0